Loading...
| History - European | 0 | 6 | 0 | 2 | 60 | 81 | 106.00 | 0 | 4 | 7.30 | 30.00 |
| History - Other | 0 | 5 | 0 | 1 | 50 | 79 | 105.40 | 0 | 3 | 8.67 | 26.00 |
| History - World | 0 | 5 | 2 | 0 | 40 | 28 | 90.20 | 1 | 4 | 15.10 | 34.00 |
| History - American | 0 | 3 | 0 | 1 | 30 | 95 | 105.00 | 0 | 2 | 4.92 | 12.00 |
| Philosophy | 0 | 3 | 0 | 0 | 30 | 46 | 83.67 | 2 | 3 | 9.05 | 22.00 |
| Religion | 0 | 3 | 0 | 1 | 30 | 101 | 124.33 | 0 | 3 | 0.73 | 14.00 |
| Mythology | 0 | 3 | 1 | 0 | 25 | 40 | 73.00 | 1 | 2 | 12.67 | 18.00 |
| Current Events | 0 | 2 | 0 | 1 | 20 | 105 | 117.00 | 0 | 0 | 6.25 | 20.00 |
| Fine Arts - Classical Music | 0 | 2 | 0 | 0 | 20 | 110 | 116.00 | 0 | 1 | 1.36 | 8.00 |
| Social Science | 0 | 2 | 0 | 0 | 20 | 49 | 79.00 | 2 | 2 | 5.78 | 20.00 |
| Science - Other | 0 | 2 | 1 | 0 | 15 | 55 | 72.50 | 1 | 2 | 7.75 | 16.00 |
| Other Academic | 0 | 1 | 0 | 0 | 10 | 88 | 88.00 | 0 | 1 | 8.26 | 20.00 |
| Literature - British | 0 | 1 | 0 | 0 | 10 | 92 | 92.00 | 0 | 1 | 3.66 | 6.00 |
| Literature - European | 0 | 1 | 0 | 0 | 10 | 128 | 128.00 | 0 | 0 | 1.58 | 4.00 |
| Literature - American | 0 | 1 | 0 | 0 | 10 | 41 | 41.00 | 1 | 1 | 7.25 | 10.00 |
| Literature - World | 0 | 1 | 0 | 0 | 10 | 139 | 139.00 | 0 | 1 | 0.21 | 6.00 |
| Popular Culture | 0 | 1 | 0 | 0 | 10 | 14 | 14.00 | 0 | 1 | 44.70 | 40.00 |